[Event "WSTT O50"]
[Site "Hersonissos"]
[Date "2017.04.26"]
[Round "3.2"]
[White "Ralphs, Nigel"]
[Black "Vilerte, Tamara"]
[Result "1/2-1/2"]
[WhiteElo "2058"]
[BlackElo "2029"]
[PlyCount "109"]
[EventDate "2017.??.??"]
[EventType "team-"]
[EventCountry "GRE"]
[SourceDate "2017.04.24"]
[WhiteTeam "Wales"]
[BlackTeam "Latvia Women"]

1. e4 c5 2. Nf3 Nc6 3. Bb5 d6 4. Bxc6+ bxc6 5. O-O e5 6. c3 Bg4 7. d4 cxd4 8.
cxd4 exd4 9. Qxd4 Bxf3 10. gxf3 Qf6 11. Qxf6 Nxf6 12. Nc3 Nd7 13. Rd1 O-O-O 14.
Be3 Kb7 15. Rac1 h5 16. Ne2 Nb6 17. Nd4 c5 18. Nb5 Be7 19. b3 Rd7 20. Nc3 Rhd8
21. Nd5 Nxd5 22. Rxd5 g6 23. Kf1 Rc7 24. Rc4 a6 25. Ke2 Rc6 26. h3 Kc7 27. Bg5
Bxg5 28. Rxg5 Kd7 29. f4 Ke7 30. f5 d5 31. exd5 Rxd5 32. f6+ Kd6 33. f4 Rxg5
34. fxg5 Kd5 35. Kd3 Re6 36. Ra4 Rb6 37. Re4 Rb4 38. Re7 Rh4 39. Rd7+ Ke6 40.
Re7+ Kd6 41. Rxf7 Rxh3+ 42. Ke4 Rg3 43. Ra7 Rg4+ 44. Ke3 Rxg5 45. Rxa6+ Kd7 46.
f7 Ke7 47. Rf6 Kf8 48. a4 h4 49. Rf3 Rh5 50. Kf2 Rd5 51. Kg2 Rd4 52. Rc3 Kxf7
53. Rxc5 Kf6 54. a5 Rd7 55. Kh3 1/2-1/2

[Event "WSTT O50"]
[Site "Hersonissos"]
[Date "2017.04.26"]
[Round "3.3"]
[White "Ungure, Liga"]
[Black "Fletcher, John"]
[Result "1/2-1/2"]
[WhiteElo "1955"]
[BlackElo "1947"]
[PlyCount "80"]
[EventDate "2017.??.??"]
[EventType "team-"]
[EventCountry "GRE"]
[SourceDate "2017.04.24"]
[WhiteTeam "Latvia Women"]
[BlackTeam "Wales"]

1. e4 c5 2. Nf3 Nc6 3. Bb5 g6 4. Bxc6 bxc6 5. O-O Bg7 6. Re1 Nf6 7. e5 Nd5 8.
c4 Nc7 9. d4 cxd4 10. Qxd4 Ne6 11. Qh4 O-O 12. Nc3 f6 13. Ne4 d5 14. exd6 exd6
15. Rd1 g5 16. Qh5 d5 17. Be3 Qc7 18. cxd5 cxd5 19. Nc3 d4 20. Nxd4 Nf4 21.
Bxf4 Qxf4 22. Nd5 Qe4 23. Qf3 Qxf3 24. Nxf3 Rb8 25. Rac1 Rf7 26. b3 Bb7 27. Ne3
Bf8 28. Nf5 Be4 29. N3d4 Rd8 30. f3 Bxf5 31. Nxf5 Rfd7 32. Rxd7 Rxd7 33. Rc2
Rd5 34. g4 Bc5+ 35. Kf1 h5 36. h3 h4 37. Ke2 a5 38. Rd2 Re5+ 39. Kd1 Bb4 40.
Re2 Rd5+ 1/2-1/2

[Event "WSTT O50"]
[Site "Hersonissos"]
[Date "2017.04.27"]
[Round "4.1"]
[White "Papadimitriou, Loukas"]
[Black "Zeidler, Sven P."]
[Result "1-0"]
[WhiteElo "2003"]
[BlackElo "2186"]
[PlyCount "133"]
[EventDate "2017.??.??"]
[EventType "team-"]
[EventCountry "GRE"]
[SourceDate "2017.04.24"]
[WhiteTeam "Athens/Crete"]
[BlackTeam "Wales"]

1. d4 f5 2. c4 Nf6 3. Nc3 d6 4. Bg5 Nbd7 5. Qc2 e5 6. e3 g6 7. O-O-O c6 8. h3
Bg7 9. c5 h6 10. Bxf6 Qxf6 11. cxd6 exd4 12. Rxd4 Nb6 13. Nf3 Qf7 14. Rd2 Be6
15. Nd4 Rd8 16. g4 O-O 17. gxf5 Bxf5 18. Nxf5 Qxf5 19. Bd3 Qc5 20. Ne4 Qxc2+
21. Bxc2 Rf5 22. Rg1 g5 23. h4 gxh4 24. f4 Kh8 25. Rdg2 Rd7 26. Ng5 Rf6 27. Ne4
Rf5 28. b4 h3 29. Rg6 h2 30. Rh1 Rh5 31. Bd1 Rh3 32. Bg4 Rxe3 33. Bxd7 Rxe4 34.
Bf5 Rc4+ 35. Bc2 Rxf4 36. Rxh2 Rf1+ 37. Kd2 Rf3 38. Bd3 Nd7 39. Re6 Ne5 40.
Re8+ Rf8 41. Rxf8+ Bxf8 42. Rh5 Nf7 43. d7 Bxb4+ 44. Ke3 Be7 45. Bg6 Ng5 46.
Kf4 Kg7 47. Kf5 Nf3 48. Ke6 Bd8 49. Be8 Ng5+ 50. Kf5 Nh7 51. Rh3 Nf6 52. Ke6
Ne4 53. Rh1 Ng5+ 54. Kf5 Nh7 55. Rg1+ Ng5 56. Rb1 b6 57. Rc1 c5 58. Ke5 Nf3+
59. Kd6 Nd4 60. Rg1+ Kf6 61. Rg6+ Kf5 62. Rxh6 Ke4 63. Bg6+ Ke3 64. Rh8 Bf6 65.
Re8+ Kd2 66. Kd5 c4 67. Rf8 1-0

[Event "WSTT O50"]
[Site "Hersonissos"]
[Date "2017.04.27"]
[Round "4.2"]
[White "Adams, Mark"]
[Black "Hrisanthopoulos, Dimitrios"]
[Result "1/2-1/2"]
[WhiteElo "1971"]
[BlackElo "1996"]
[PlyCount "43"]
[EventDate "2017.??.??"]
[EventType "team-"]
[EventCountry "GRE"]
[SourceDate "2017.04.24"]
[WhiteTeam "Wales"]
[BlackTeam "Athens/Crete"]

1. e4 c5 2. Nf3 e6 3. d4 cxd4 4. Nxd4 Nc6 5. Nc3 Qc7 6. g3 a6 7. Bg2 Nf6 8. O-O
Nxd4 9. Qxd4 Bc5 10. Bf4 d6 11. Qd2 h6 12. Rad1 e5 13. Be3 Be6 14. Bxc5 dxc5
15. Nd5 Bxd5 16. exd5 Qd6 17. c4 O-O 18. Qc2 Rfe8 19. Rfe1 Rac8 20. Re2 Rc7 21.
Rde1 Rce7 22. b3 1/2-1/2

[Event "WSTT O50"]
[Site "Hersonissos"]
[Date "2017.04.27"]
[Round "4.3"]
[White "Sideris, Nikiforos"]
[Black "Fletcher, John"]
[Result "1-0"]
[WhiteElo "1975"]
[BlackElo "1947"]
[PlyCount "117"]
[EventDate "2017.??.??"]
[EventType "team-"]
[EventCountry "GRE"]
[SourceDate "2017.04.24"]
[WhiteTeam "Athens/Crete"]
[BlackTeam "Wales"]

1. b3 d5 2. Bb2 Nc6 3. e3 Nf6 4. Nf3 Bf5 5. Bb5 a6 6. Bxc6+ bxc6 7. O-O e6 8.
d3 Bd6 9. Nbd2 Bg4 10. e4 Bf4 11. Qe1 Nd7 12. e5 O-O 13. h3 Bxf3 14. Nxf3 c5
15. Qe2 c6 16. Rfe1 Qc7 17. a4 Rfb8 18. g3 Bh6 19. Nh2 g6 20. f4 Qb6 21. Kg2
Qb4 22. Ng4 Bg7 23. Nf6+ Bxf6 24. exf6 d4 25. f5 exf5 26. Qe7 Rb7 27. Re2 Nf8
28. Qd6 Rd7 29. Qe5 Ne6 30. g4 fxg4 31. hxg4 Qb8 32. Kg3 Rd5 33. Qxb8+ Rxb8 34.
Rf1 h6 35. Bc1 g5 36. Rh2 Nf8 37. Rxh6 Ng6 38. Rf5 Re8 39. Rxd5 cxd5 40. Bxg5
Re2 41. Rh2 Rxh2 42. Kxh2 Kf8 43. Bc1 Ke8 44. Ba3 c4 45. bxc4 dxc4 46. dxc4 Ne5
47. Kg3 Nxc4 48. Bc5 Ne3 49. c3 Kd7 50. Bxd4 Nc4 51. Kf4 a5 52. Kg5 Ke6 53. Kh6
Nd6 54. Kg7 Ne8+ 55. Kf8 Nd6 56. g5 Ne4 57. g6 fxg6 58. Kg7 Nd6 59. Kxg6 1-0

[Event "WSTT O50"]
[Site "Hersonissos"]
[Date "2017.04.28"]
[Round "5.1"]
[White "Ralphs, Nigel"]
[Black "Bergstrom, Rolf"]
[Result "0-1"]
[WhiteElo "2058"]
[BlackElo "2248"]
[PlyCount "72"]
[EventDate "2017.??.??"]
[EventType "team-"]
[EventCountry "GRE"]
[SourceDate "2017.04.24"]
[WhiteTeam "Wales"]
[BlackTeam "Sweden 1"]

1. e4 d6 2. d4 Nf6 3. Nc3 e5 4. Nf3 Nbd7 5. Bc4 Be7 6. O-O Nb6 7. Bb3 exd4 8.
Qxd4 O-O 9. Bg5 a5 10. a4 h6 11. Bh4 Nfd7 12. Bxe7 Qxe7 13. Nd5 Nxd5 14. Bxd5
Ne5 15. Nxe5 dxe5 16. Qe3 Ra6 17. Rad1 Rb6 18. b3 Rd6 19. Rd3 b6 20. Bc4 Rxd3
21. Bxd3 Be6 22. Rd1 Rd8 23. Kf1 Rd4 24. Be2 Qd6 25. Qc1 Qc6 26. Rxd4 exd4 27.
Qd2 Qxe4 28. Bd3 Qe5 29. f4 Qf6 30. Qf2 Bd5 31. g4 g5 32. fxg5 Qxf2+ 33. Kxf2
hxg5 34. Bf5 Kg7 35. Ke2 Kf6 36. Kd3 Ke5 0-1

[Event "WSTT O50"]
[Site "Hersonissos"]
[Date "2017.04.28"]
[Round "5.2"]
[White "Lagerborg, Krister"]
[Black "Adams, Mark"]
[Result "1/2-1/2"]
[WhiteElo "2062"]
[BlackElo "1971"]
[PlyCount "105"]
[EventDate "2017.??.??"]
[EventType "team-"]
[EventCountry "GRE"]
[SourceDate "2017.04.24"]
[WhiteTeam "Sweden 1"]
[BlackTeam "Wales"]

1. e4 c5 2. Nf3 a6 3. c4 Nc6 4. Nc3 e5 5. d3 d6 6. g3 Nf6 7. Bg2 Be7 8. O-O O-O
9. h3 Rb8 10. a4 Bd7 11. Ne1 Nd4 12. Be3 b5 13. axb5 axb5 14. b3 bxc4 15. bxc4
Qb6 16. f4 Nc6 17. Nd5 Nxd5 18. cxd5 Nd4 19. fxe5 dxe5 20. Bxd4 cxd4 21. Nf3 f6
22. Nd2 Bb5 23. Qb3 Bd6 24. Rfb1 Qb7 25. Rc1 Qd7 26. Nc4 Bxc4 27. Qxc4 Rfc8 28.
Qa6 Kf8 29. Kh2 Ra8 30. Qxa8 Rxa8 31. Rxa8+ Kf7 32. Rc6 Kg6 33. h4 Kh6 34. Raa6
Be7 35. Bh3 Qb7 36. d6 Bd8 37. d7 Qb5 38. Re6 Qxd3 39. Ra8 Qe2+ 40. Bg2 d3 41.
Rd6 d2 42. Ra1 Qe1 43. Ra8 d1=Q 44. Rxd1 Qxd1 45. Rxd8 Qd2 46. Kh3 Qd6 47. Kh2
Qe7 48. Rc8 Qxd7 49. Rc2 Qd3 50. Rf2 Qd4 51. Rf1 Qe3 52. Rf3 Qd4 53. Rf1
1/2-1/2

[Event "WSTT O50"]
[Site "Hersonissos"]
[Date "2017.04.28"]
[Round "5.3"]
[White "Fletcher, John"]
[Black "Maki, Christer"]
[Result "1-0"]
[WhiteElo "1947"]
[BlackElo "2004"]
[PlyCount "101"]
[EventDate "2017.??.??"]
[EventType "team-"]
[EventCountry "GRE"]
[SourceDate "2017.04.24"]
[WhiteTeam "Wales"]
[BlackTeam "Sweden 1"]

1. d4 Nf6 2. Nc3 g6 3. e4 d6 4. Be2 Bg7 5. g4 h5 6. g5 Nfd7 7. Be3 c6 8. Qd2
Qa5 9. f4 Nf8 10. Nf3 Bg4 11. h3 Bxf3 12. Bxf3 Nbd7 13. O-O Nb6 14. Qd3 Qb4 15.
b3 c5 16. Nb5 Ne6 17. d5 Nd4 18. Bxd4 Bxd4+ 19. Nxd4 Qxd4+ 20. Qxd4 cxd4 21.
Rad1 Rc8 22. Rf2 Rc3 23. Rxd4 O-O 24. Kg2 Rfc8 25. Bd1 Nd7 26. Rf3 Rxf3 27.
Kxf3 Rc3+ 28. Rd3 Rxd3+ 29. cxd3 f6 30. gxf6 Nxf6 31. b4 Ne8 32. Ba4 Nc7 33.
Bd7 Kf7 34. Bc8 b6 35. Bd7 Na6 36. a3 Nc7 37. Ke3 Kf6 38. Kf3 Na6 39. d4 Nc7
40. e5+ Kf7 41. Ke4 Kg7 42. Bc6 Kh6 43. f5 Kg7 44. f6+ Kf7 45. fxe7 Kxe7 46.
exd6+ Kxd6 47. h4 a6 48. Kf4 Nxd5+ 49. Bxd5 Kxd5 50. Kg5 Kxd4 51. Kxg6 1-0

[Event "WSTT O50"]
[Site "Hersonissos"]
[Date "2017.04.29"]
[Round "6.1"]
[White "Zeidler, Sven P."]
[Black "Becker, Norbert"]
[Result "1-0"]
[WhiteElo "2186"]
[BlackElo "2106"]
[PlyCount "121"]
[EventDate "2017.??.??"]
[EventType "team-"]
[EventCountry "GRE"]
[SourceDate "2017.04.24"]
[WhiteTeam "Wales"]
[BlackTeam "Rochade Bielefeld Revival"]

1. e4 c5 2. f4 e6 3. Nf3 Nc6 4. Nc3 d5 5. Bb5 Nf6 6. e5 Nd7 7. Bxc6 bxc6 8. b3
Be7 9. O-O O-O 10. d3 f5 11. Na4 Nb6 12. Nb2 c4 13. dxc4 dxc4 14. Be3 Ba3 15.
Qxd8 Rxd8 16. Nxc4 Nxc4 17. bxc4 Ba6 18. Rfd1 Rxd1+ 19. Rxd1 Bxc4 20. Rd4 Bd5
21. Ra4 Be7 22. Nd2 c5 23. c4 Bb7 24. Nb3 a6 25. Bxc5 Kf7 26. Rb4 Bc8 27. Bxe7
Kxe7 28. Na5 Kd7 29. c5 Kc7 30. Kf2 Rb8 31. Rxb8 Kxb8 32. Ke3 Kc7 33. Kd4 Bd7
34. Kc4 Bb5+ 35. Kb4 Bf1 36. g3 Bg2 37. Nc4 h6 38. Ne3 Be4 39. Kc3 Kc6 40. Kd4
Kb5 41. g4 g6 42. h4 h5 43. g5 Bb1 44. a4+ Kc6 45. Kc4 Be4 46. Kb4 Bd3 47. Nd1
Be2 48. Ne3 Bd3 49. Kc3 Be4 50. Kd4 Bf3 51. Nc2 Bg2 52. Nb4+ Kb7 53. c6+ Bxc6
54. Kc5 Bxa4 55. Kd6 Bb3 56. Nxa6 Kxa6 57. Ke7 Kb6 58. Kf7 Ba4 59. Kxg6 Be8+
60. Kf6 Kc7 61. g6 1-0

[Event "WSTT O50"]
[Site "Hersonissos"]
[Date "2017.04.29"]
[Round "6.2"]
[White "Beilfuss, Dr Wilfried"]
[Black "Ralphs, Nigel"]
[Result "1/2-1/2"]
[WhiteElo "2176"]
[BlackElo "2058"]
[PlyCount "34"]
[EventDate "2017.??.??"]
[EventType "team-"]
[EventCountry "GRE"]
[SourceDate "2017.04.24"]
[WhiteTeam "Rochade Bielefeld Revival"]
[BlackTeam "Wales"]

1. g3 d5 2. Nf3 c6 3. Bg2 Bg4 4. O-O e6 5. b3 Nd7 6. Bb2 Ngf6 7. c4 Bd6 8. d4
O-O 9. Nbd2 a5 10. a3 h6 11. Ne5 Bf5 12. h3 Ne4 13. Nxe4 Bxe4 14. Bxe4 dxe4 15.
Nxd7 Qxd7 16. e3 f5 17. Qc2 Qe7 1/2-1/2

[Event "WSTT O50"]
[Site "Hersonissos"]
[Date "2017.04.29"]
[Round "6.3"]
[White "Adams, Mark"]
[Black "Mueller, Gerhaed"]
[Result "1/2-1/2"]
[WhiteElo "1971"]
[BlackElo "2127"]
[PlyCount "46"]
[EventDate "2017.??.??"]
[EventType "team-"]
[EventCountry "GRE"]
[SourceDate "2017.04.24"]
[WhiteTeam "Wales"]
[BlackTeam "Rochade Bielefeld Revival"]

1. e4 c5 2. Nf3 d6 3. d4 cxd4 4. Nxd4 Nf6 5. f3 e5 6. Nb3 d5 7. Bg5 Be6 8. exd5
Qxd5 9. N1d2 Nc6 10. Bc4 Qd7 11. c3 Nd5 12. Qe2 f6 13. Bxd5 Bxd5 14. Be3 Qf7
15. O-O Be7 16. Rfe1 O-O 17. Bc5 Rfe8 18. Bxe7 Rxe7 19. Rad1 b6 20. Qb5 Rc7 21.
Re3 Nd8 22. Qb4 Nc6 23. Qb5 Nd8 1/2-1/2

[Event "WSTT O50"]
[Site "Hersonissos"]
[Date "2017.04.29"]
[Round "6.4"]
[White "Thoele, Wolfgang Dr."]
[Black "Fletcher, John"]
[Result "1/2-1/2"]
[WhiteElo "2018"]
[BlackElo "1947"]
[PlyCount "38"]
[EventDate "2017.??.??"]
[EventType "team-"]
[EventCountry "GRE"]
[SourceDate "2017.04.24"]
[WhiteTeam "Rochade Bielefeld Revival"]
[BlackTeam "Wales"]

1. e4 c5 2. Nf3 Nc6 3. d3 g6 4. Nc3 Bg7 5. Be2 e6 6. O-O Nge7 7. Bg5 a6 8. a4
O-O 9. Qd2 d5 10. Bh6 d4 11. Nd1 e5 12. Bxg7 Kxg7 13. Ne1 f5 14. f4 Qd6 15.
fxe5 Nxe5 16. Nf3 N7c6 17. Nf2 f4 18. Qd1 Nf7 19. Nd2 Be6 1/2-1/2

[Event "WSTT O50"]
[Site "Hersonissos"]
[Date "2017.04.30"]
[Round "7.1"]
[White "Grahn, Lars"]
[Black "Zeidler, Sven P."]
[Result "1-0"]
[WhiteElo "2013"]
[BlackElo "2186"]
[PlyCount "115"]
[EventDate "2017.??.??"]
[EventType "team-"]
[EventCountry "GRE"]
[SourceDate "2017.04.24"]
[WhiteTeam "Sweden 2"]
[BlackTeam "Wales"]

1. d4 f5 2. Nc3 Nf6 3. Bg5 d5 4. Bxf6 exf6 5. e3 Be6 6. Qf3 Nc6 7. Bb5 Qd7 8.
Nge2 O-O-O 9. Nf4 Bf7 10. Nd3 g6 11. a3 a6 12. Ba4 b5 13. Bb3 g5 14. O-O h5 15.
a4 b4 16. Na2 Qe6 17. c3 h4 18. Qe2 h3 19. g3 f4 20. Ndxb4 Nxb4 21. Nxb4 Bh5
22. Qd3 a5 23. Nxd5 Rxd5 24. e4 Bg6 25. exd5 Bxd3 26. dxe6 Bxf1 27. Rxf1 Bd6
28. Bc2 Kd8 29. Bf5 Ke7 30. b3 Ba3 31. Rb1 Rg8 32. Bxh3 g4 33. Bf1 f3 34. h3 f5
35. hxg4 Rxg4 36. Re1 Re4 37. Rxe4 fxe4 38. Bh3 Kf6 39. Kf1 Bb2 40. Bf5 Bxc3
41. Bxe4 Bxd4 42. e7 Kxe7 43. Bxf3 Bc5 44. Bd5 Kf6 45. f4 Bb4 46. Kf2 Bd2 47.
Kf3 Be1 48. g4 Bd2 49. g5+ Kf5 50. Be4+ Ke6 51. Kg4 Bc3 52. Bd3 Kd5 53. f5 Bd2
54. Kh5 Ke5 55. f6 Ke6 56. Kg6 Be3 57. Bc4+ Kd7 58. Kf5 1-0

[Event "WSTT O50"]
[Site "Hersonissos"]
[Date "2017.04.30"]
[Round "7.2"]
[White "Ralphs, Nigel"]
[Black "Olsson, Torgny"]
[Result "1-0"]
[WhiteElo "2058"]
[BlackElo "1722"]
[PlyCount "105"]
[EventDate "2017.??.??"]
[EventType "team-"]
[EventCountry "GRE"]
[SourceDate "2017.04.24"]
[WhiteTeam "Wales"]
[BlackTeam "Sweden 2"]

1. e4 e6 2. d4 d5 3. e5 c5 4. c3 Nc6 5. Nf3 Bd7 6. Be2 f6 7. O-O fxe5 8. dxe5
Qc7 9. Re1 O-O-O 10. Bd3 h6 11. Bf4 g5 12. Bg3 Be7 13. Na3 a6 14. Nc2 h5 15. h4
gxh4 16. Nxh4 Bxh4 17. Bxh4 Rf8 18. b4 c4 19. Bf1 Rf5 20. Nd4 Nxd4 21. Qxd4 b6
22. g3 Rh6 23. Bh3 Rf7 24. Bg5 Rg6 25. Be3 Rf3 26. Kg2 Rf8 27. Qxb6 Qxb6 28.
Bxb6 h4 29. Re3 Nh6 30. Bd4 Nf5 31. Bxf5 Rxf5 32. Rh1 hxg3 33. Rxg3 Rxg3+ 34.
fxg3 Rf7 35. Rh8+ Kb7 36. Rd8 Kc7 37. Ra8 Kb7 38. Ra7+ Kb8 39. Rxa6 Rg7 40. a4
Rg4 41. Kf2 Rg5 42. Rb6+ Ka8 43. b5 Rf5+ 44. Kg2 Rf8 45. Rd6 Rf7 46. Ra6+ Kb7
47. Ra7+ Kc8 48. a5 Kb8 49. b6 Rh7 50. a6 Rh8 51. Rxd7 Rc8 52. a7+ Ka8 53. b7#
1-0

[Event "WSTT O50"]
[Site "Hersonissos"]
[Date "2017.04.30"]
[Round "7.3"]
[White "Kvisth, Bengt"]
[Black "Adams, Mark"]
[Result "1/2-1/2"]
[WhiteElo "1721"]
[BlackElo "1971"]
[PlyCount "33"]
[EventDate "2017.??.??"]
[EventType "team-"]
[EventCountry "GRE"]
[SourceDate "2017.04.24"]
[WhiteTeam "Sweden 2"]
[BlackTeam "Wales"]

1. d4 Nf6 2. c4 e6 3. Nc3 Bb4 4. e3 O-O 5. Bd3 Bxc3+ 6. bxc3 b6 7. Nf3 Bb7 8.
O-O d6 9. Re1 Nbd7 10. e4 e5 11. Bg5 h6 12. Bh4 Re8 13. Nd2 Nf8 14. d5 Ng6 15.
Bg3 a5 16. a4 Bc8 17. h3 1/2-1/2

[Event "WSTT O50"]
[Site "Hersonissos"]
[Date "2017.05.01"]
[Round "8.1"]
[White "Zeidler, Sven P."]
[Black "Semakoff, Aleks"]
[Result "1-0"]
[WhiteElo "2186"]
[BlackElo "2102"]
[PlyCount "35"]
[EventDate "2017.??.??"]
[EventType "team-"]
[EventCountry "GRE"]
[SourceDate "2017.04.24"]
[WhiteTeam "Wales"]
[BlackTeam "Oslo"]

1. e4 d5 2. exd5 Nf6 3. Be2 Qxd5 4. Nf3 Bg4 5. O-O Nc6 6. h3 Bh5 7. d4 e6 8. c4
Qd7 9. Be3 O-O-O 10. Nbd2 Bb4 11. Nb3 Be7 12. Ne5 Nxe5 13. dxe5 Qa4 14. Nd4
Qxd1 15. Bxd1 Bxd1 16. exf6 Bxf6 17. Rfxd1 c5 18. Nb5 1-0

[Event "WSTT O50"]
[Site "Hersonissos"]
[Date "2017.05.01"]
[Round "8.2"]
[White "Thjomoe, Hans Richard"]
[Black "Ralphs, Nigel"]
[Result "1/2-1/2"]
[WhiteElo "1896"]
[BlackElo "2058"]
[PlyCount "111"]
[EventDate "2017.??.??"]
[EventType "team-"]
[EventCountry "GRE"]
[SourceDate "2017.04.24"]
[WhiteTeam "Oslo"]
[BlackTeam "Wales"]

1. e4 e5 2. Nf3 Nc6 3. Bc4 Bc5 4. c3 Nf6 5. d3 a6 6. Bg5 Be7 7. O-O d6 8. Bb3
O-O 9. Nbd2 h6 10. Bxf6 Bxf6 11. h3 Ne7 12. Nc4 Ng6 13. Ne3 c6 14. Nh2 Nf4 15.
Bc2 g6 16. Qf3 Bg7 17. Rad1 Qe7 18. Rfe1 Be6 19. a3 Rad8 20. Nhf1 h5 21. Ng3
Qf6 22. Kh2 Bc8 23. Ne2 Nxe2 24. Qxf6 Bxf6 25. Rxe2 Be6 26. g3 d5 27. Red2 dxe4
28. dxe4 Rxd2 29. Rxd2 Rd8 30. Rxd8+ Bxd8 31. Kg2 Bg5 32. Nd1 h4 33. g4 Bc1 34.
a4 a5 35. b3 Kf8 36. Kf3 Ke7 37. Ke2 Kd6 38. f3 Kc5 39. Ne3 b5 40. axb5 cxb5
41. Ng2 Bg5 42. Ne1 Bf4 43. Nd3+ Kd6 44. Nb2 Bd7 45. Nd3 Bg5 46. Nb2 Bd8 47.
Ke3 Bb6+ 48. Ke2 Bc5 49. Nd3 a4 50. bxa4 bxa4 51. Nb2 Bb5+ 52. Nd3 a3 53. Bb3
f6 54. Kd2 Ba6 55. Kc2 Be3 56. Bd5 1/2-1/2

[Event "WSTT O50"]
[Site "Hersonissos"]
[Date "2017.05.01"]
[Round "8.3"]
[White "Fletcher, John"]
[Black "Jacobsen, Oivind"]
[Result "1-0"]
[WhiteElo "1947"]
[BlackElo "1680"]
[PlyCount "85"]
[EventDate "2017.??.??"]
[EventType "team-"]
[EventCountry "GRE"]
[SourceDate "2017.04.24"]
[WhiteTeam "Wales"]
[BlackTeam "Oslo"]

1. d4 c6 2. e4 d5 3. Nc3 dxe4 4. Nxe4 Bf5 5. Ng3 Bg6 6. Nf3 Nf6 7. Bd3 e6 8.
O-O Be7 9. c3 Nbd7 10. Bg5 Nd5 11. Bxe7 Nxe7 12. Qd2 Qc7 13. Rfe1 O-O-O 14. Ng5
Rhf8 15. Bxg6 hxg6 16. c4 Nf5 17. Rad1 Nb6 18. Qb4 Rh8 19. Nf3 Nh6 20. Re3 Ng4
21. Ra3 Kb8 22. h3 Nh6 23. Ne5 Nf5 24. Nxf5 gxf5 25. Qa5 Nc8 26. Qxc7+ Kxc7 27.
Nxf7 Rhf8 28. Nxd8 Rxd8 29. Rg3 Rd7 30. Rgd3 Nb6 31. b3 Kd8 32. Kf1 Ke7 33. Ke2
Kf6 34. h4 Re7 35. Kf3 g5 36. hxg5+ Kxg5 37. Rh1 Nd7 38. Ke2 Nf6 39. Rg3+ Ng4
40. f3 Kf4 41. Rgh3 Nf6 42. Rh6 Rf7 43. Rg6 1-0

[Event "WSTT O50"]
[Site "Hersonissos"]
[Date "2017.05.02"]
[Round "9.1"]
[White "Short, Nigel D"]
[Black "Ralphs, Nigel"]
[Result "1-0"]
[WhiteElo "2683"]
[BlackElo "2058"]
[PlyCount "39"]
[EventDate "2017.??.??"]
[EventType "team-"]
[EventCountry "GRE"]
[SourceDate "2017.04.24"]
[WhiteTeam "England 1"]
[BlackTeam "Wales"]

1. Nf3 d5 2. g3 c6 3. Bg2 Bg4 4. c4 e6 5. cxd5 Bxf3 6. Bxf3 cxd5 7. O-O Nf6 8.
d4 Nc6 9. Nc3 Be7 10. b3 O-O 11. Bb2 Rc8 12. e3 Qd7 13. Rc1 Ne8 14. e4 dxe4 15.
Nxe4 Nf6 16. Nc5 Qc7 17. Qe2 Rfd8 18. Nxe6 fxe6 19. Qxe6+ Kf8 20. d5 1-0

[Event "WSTT O50"]
[Site "Hersonissos"]
[Date "2017.05.02"]
[Round "9.2"]
[White "Adams, Mark"]
[Black "Nunn, John D M"]
[Result "0-1"]
[WhiteElo "1971"]
[BlackElo "2600"]
[PlyCount "62"]
[EventDate "2017.??.??"]
[EventType "team-"]
[EventCountry "GRE"]
[SourceDate "2017.04.24"]
[WhiteTeam "Wales"]
[BlackTeam "England 1"]

1. e4 c5 2. Nf3 d6 3. d4 Nf6 4. Nc3 cxd4 5. Nxd4 a6 6. h3 e5 7. Nde2 h5 8. Bg5
Be6 9. Bxf6 Qxf6 10. Nd5 Qd8 11. Nec3 g6 12. a4 Nc6 13. Bd3 Bh6 14. O-O O-O 15.
Qe1 Rc8 16. f4 exf4 17. Nxf4 Ne5 18. Nxe6 fxe6 19. Rxf8+ Qxf8 20. Qe2 Qf4 21.
Qf2 Qg5 22. Kh1 Rf8 23. Qd4 Ng4 24. Nd1 Qd2 25. Qc3 Qf4 26. hxg4 Bg7 27. Qe1
Be5 28. g3 Qxg4 29. Kg2 Qf3+ 30. Kh3 Qg4+ 31. Kg2 Rf3 0-1

[Event "WSTT O50"]
[Site "Hersonissos"]
[Date "2017.05.02"]
[Round "9.3"]
[White "Arkell, Keith C"]
[Black "Fletcher, John"]
[Result "1-0"]
[WhiteElo "2411"]
[BlackElo "1947"]
[PlyCount "51"]
[EventDate "2017.??.??"]
[EventType "team-"]
[EventCountry "GRE"]
[SourceDate "2017.04.24"]
[WhiteTeam "England 1"]
[BlackTeam "Wales"]

1. d4 Nf6 2. Nf3 e6 3. c4 d5 4. Nc3 Bb4 5. Qa4+ Nc6 6. cxd5 exd5 7. Bg5 Qd6 8.
Bxf6 Qxf6 9. e3 O-O 10. Be2 Qg6 11. O-O Bh3 12. Ne1 Bxc3 13. bxc3 a6 14. Qb3
Bf5 15. Qxd5 h5 16. Qc4 Rfd8 17. Bd3 Na5 18. Bxf5 Qxf5 19. Qd3 Qe6 20. Nf3 c5
21. Ng5 Qh6 22. Qf5 Rf8 23. dxc5 g6 24. Qf6 Rac8 25. Ne4 Rfe8 26. Nd6 1-0